Normal view MARC view
  • Durrani, Ashiq Muhammad Khān,

Entry Personal Name

Number of records used in: 4

001 - CONTROL NUMBER

  • control field: 3854

003 - CONTROL NUMBER IDENTIFIER

  • control field: NUST

005 - DATE AND TIME OF LATEST TRANSACTION

  • control field: 20170809103945.0

008 - FIXED-LENGTH DATA ELEMENTS

  • fixed length control field: 170809|| aca||aabn | a|a d

040 ## - CATALOGING SOURCE

  • Original cataloging agency: NUST
  • Transcribing agency: NUST

100 ## - HEADING--PERSONAL NAME

  • Personal name: Durrani, Ashiq Muhammad Khān,
  • Dates associated with a name: 1939-

670 ## - SOURCE DATA FOUND

  • Source citation: Work cat.: (NUST)0: Durrani, Ashiq Muhammad Khān, 1939-, History of Multan :, 1991.
© 2023 Central Library, National University of Sciences and Technology. All Rights Reserved.